000 00438nam a2200193Ia 4500
005 20250423100626.0
008 250422s9999 xx 000 0 und d
020 _a9-780706-973440
050 _aLB 1025 .V46/
100 _aVenkateswaran, S.
245 0 _aPrinciples of education
250 _a2nd rev. ed.
260 _aNew Delhi
260 _bVikas
260 _c1996
300 _a182 p
650 _aEducation
942 _cBK
999 _c33870
_d33870